Statistics for Every Lyrics - Holy Grail

Click here to take the quiz!

General Stats

  • This quiz has been taken 7 times
  • The average score is 170 of 236

Answer Stats

Answer% Correct
a
86%
An
86%
an
86%
and
86%
ha
86%
I
86%
you
86%
about
71%
all
71%
All
71%
alone
71%
army
71%
as
71%
Astro
71%
be
71%
been
71%
beings
71%
big
71%
biggest
71%
birds
71%
black
71%
But
71%
but
71%
circling
71%
clean
71%
cold
71%
corners
71%
Crusade?
71%
day
71%
deserves
71%
die
71%
dream
71%
dying
71%
easy
71%
else
71%
escape
71%
ever
71%
far
71%
flies
71%
fool
71%
foolish
71%
for
71%
fortune
71%
four
71%
from
71%
get
71%
globe
71%
glory
71%
go
71%
god
71%
got
71%
Grail
71%
Great
71%
hands
71%
has
71%
have
71%
heard
71%
hell
71%
here
71%
hiding
71%
high
71%
Holy
71%
home
71%
how
71%
I'd
71%
I'm
71%
in
71%
into
71%
its
71%
I've
71%
know
71%
knows
71%
left
71%
lifetime
71%
light
71%
like
71%
low
71%
marching
71%
millions
71%
mix
71%
morning
71%
my
71%
nobody
71%
nothing
71%
nowhere
71%
of
71%
Oh
71%
on
71%
one
71%
out
71%
paid
71%
plunder
71%
ran
71%
razed
71%
road
71%
say
71%
searching
71%
seeking
71%
seen
71%
short
71%
sky
71%
snow
71%
So
71%
so
71%
song
71%
spend
71%
Started
71%
still
71%
story
71%
strangest
71%
stumbled
71%
the
71%
there'd
71%
they
71%
this
71%
those
71%
to
71%
trying
71%
up
71%
was
71%
way
71%
We
71%
we
71%
were
71%
what
71%
when
71%
where
71%
Woke
71%
woke
71%
world
71%
wounds
71%
yeah
71%
your
71%
locals
57%
scattered
57%
There's
57%
followed
43%
orders
43%

Score Distribution

Percentile by Number Answered

Percent of People with Each Score

Your Score History

You have not taken this quiz